Statistics for Odd One Out: Dancing Edition

Click here to take the quiz!

General Stats

  • This quiz has been taken 18 times
  • The average score is 5 of 14

Answer Stats

QuestionAnswer% Correct
Genre Of Chinese DancePolitical
50%
Dance TrendsThe Royal Buzz
50%
Latin American Ballroom Dance StylesPolka
42%
Professional Ballet DancersSibylle Baier
42%
Non-Musical Films That Feature An Iconic Dance SceneVertigo
42%
Types of Ballet ShoeFuller-Pointe
33%
Cirque Du Soleil ShowsLamón
33%
Tap Dance TermsSplice
33%
Top 4 Most Popular Dance Styles In The WorldTango
33%
Hip-Hop Dance TermsThe Charity Slide
25%
Ballet TermsAléatoire
17%
Famous Dance CrewsChoice All-Stars
17%
Modern Jazz TermsHead Arch
17%
Dancers featured on Dance Moms (US)India Reed
17%

Score Distribution

Percentile by Number Answered

Percent of People with Each Score

Your Score History

You have not taken this quiz